LEADER 01242nam a2200277 a 4500 001 000000108983 003 CaOOAMICUS 005 20080111110401.0 008 080111s2007 enk u001 u eng d 020 $z978-0-521-68893-2* 040 $aPUL$bita$dLDB 245 04$aThe Cambridge companion to liberation theology /$cedited by Cristopher Rowland. 250 $a2nd ed. 260 $aCambridge :$bCambridge University Press,$cc2007. 300 $axx, 318 p. ;$c23 cm. 490 1 $aCambridge companion to religion 504 $aContiene riferimenti bibliografici e indici. 650 14$aTeologia della liberazione$xCompendi, manuali, ecc.$0(OLS)http://pul/subject/33834 700 1 $aRowland, Cristopher.$0(OLS)http://pul/name/66741 830 0$aCambridge companion to religion.$0(OLS)http://pul/title/132745 850 $aPUL 852 $aPUL$W1$xSL Religione 3$y85$m200. 5 COLL 1.4$j124365$qDDC 21$B123196$CPULBib$Z2$F123196 $H106171 $82 941 1 $a9 996 $6020$z978-0-521-68893-2*$9(OLS)http://pul/number/136688 996 $6245$aThe Cambridge companion to liberation theology$9(OLS)http://pul/title/137134 996 $6260$aCambridge :$bCambridge University Press$9(OLS)http://pul/publisher/50125 LEADER 01436nam a2200277 a 4500 001 000000170402 003 CaOOAMICUS 005 20181112095601.0 008 181112s2018 it frm z000 u ita r 032 $aLibriCat 040 $aPUL$bita 100 1 $aMachado, Sydney Damasio.$0(OLS)http://pul/name/109626 245 14$aL' "Altissimo" e il "Santissimo" :$bstudio semantico e simbolico di due termini chiave degli Scritti di san Francesco d'Assisi /$cSidney Damasio Machado. 260 $aRoma :$bPontificia Universitą Gregoriana,$c2018. 300 $a119 p. ;$c24 cm. 502 $aEstratto da Tesi -- Pontificia Universitą Gregoriana -- Facoltą di Teologia, Istituto di Spiritualitą, 2017. 504 $aBibliografia: p. [91]-114. 600 04$aFranciscus Assisiensis,$cs.,$d1182-1226.$0(OLS)http://pul/subject/518 710 2 $aPontificia Universitą Gregoriana.$bIstituto di spiritualitą$kTesi.$0(OLS)http://pul/name/40854 850 $aPUL 852 $aPUL$W1$xDP1 Tesi Pon. Univ. Gregoriana$y40$m2018 B 18$j193290$qTesi$B198712$CPULBib$Z2$F198712 $81 941 1 $a16 960 $aFrancesco d'Assisi,$cs.,$d1182-1226$9518 996 $6245$aL' "Altissimo" e il "Santissimo" :$bstudio semantico e simbolico di due termini chiave degli Scritti di san Francesco d'Assisi$9(OLS)http://pul/title/211161 996 $6260$aRoma :$bPontificia Universitą Gregoriana$9(OLS)http://pul/publisher/47853